Statistics for Damian Lillard Facts

Click here to take the quiz!

General Stats

  • This quiz has been taken 20 times
  • The average score is 10 of 12

Answer Stats

HintAnswer% Correct
What number does he wear?#0
100%
Draft Year2012
100%
Draft Pick#6
100%
How Tall is Dame?6'2
100%
Loyal to Who?Trail Blazers
100%
Career High71
89%
Paul George: "That was a ___ ___"Bad Shot
83%
Who is considered his Rival?Steph Curry | Westbrook | Paul George | Harden
83%
Dame's Side JobRap
72%
CollegeWeber State
72%
HometownOakland
50%
Kobe Bryant: "That boy is _____"Serious
28%

Score Distribution

Percentile by Number Answered

Percent of People with Each Score

Your Score History

You have not taken this quiz